| 000 | 00809nam a2200205 i 4500 | ||
|---|---|---|---|
| 001 | 80874 | ||
| 003 | ES-MaACL | ||
| 005 | 20250902125915.0 | ||
| 007 | t| | ||
| 008 | 041102s1945 ag |||| |bspa d | ||
| 100 | 1 |
_aGoncourt, Edmond de, _d1822-1896 _9127377 |
|
| 245 | 1 | 0 |
_aHistoria de María Antonieta / _cpor Edmundo y Julio de Goncourt ; [traducción de Clara Campoamor]. |
| 260 |
_aBuenos Aires : _bEmecé, _c[1945] ( _fSebastián Amorrortu) |
||
| 300 |
_a482 p., 1 lám. ; _c18 cm. |
||
| 600 | 0 | 4 |
_aMaría Antonieta _cReina consorte de Luis XVI, Rey de Francia. _976657 |
| 700 | 1 |
_aGoncourt, Jules de, _d1830-1870 _958231 |
|
| 700 | 1 |
_aCampoamor, Clara, _d1888-1972 _934230 |
|
| 852 |
_aES-MaACL _jC-45494 _z. - Firma manuscrita "Clara Campoamor" y texto ms. tapado |
||
| 999 |
_c80874 _d80874 |
||